Designing mobile autonomous robots: inside the mind of an intelligent machine (Record no. 63463)

MARC details
000 -LEADER
fixed length control field 00848nam a2200193 a 4500
008 - FIXED-LENGTH DATA ELEMENTS--GENERAL INFORMATION
fixed length control field 100118s2004 ||||||||||||||||| || u
020 ## - INTERNATIONAL STANDARD BOOK NUMBER
International Standard Book Number 0750676833
050 ## - LIBRARY OF CONGRESS CALL NUMBER
Classification number TJ 211 Hol
100 ## - MAIN ENTRY--PERSONAL NAME
Personal name Holland, John M
245 10 - TITLE STATEMENT
Title Designing mobile autonomous robots: inside the mind of an intelligent machine
Statement of responsibility, etc. by John Holland M.
260 ## - PUBLICATION, DISTRIBUTION, ETC.
Place of publication, distribution, etc. Oxford
Name of publisher, distributor, etc. Elsevier
Date of publication, distribution, etc. 2004
300 ## - PHYSICAL DESCRIPTION
Extent xv, 335p.: ill. + CD-ROM
350 ## -
-- 0.00
500 ## - GENERAL NOTE
General note Accompanied by CD-ROM
650 ## - SUBJECT ADDED ENTRY--TOPICAL TERM
Topical term or geographic name entry element ROBOTS
650 ## - SUBJECT ADDED ENTRY--TOPICAL TERM
Topical term or geographic name entry element ENGINEERING
995 ## -
-- MAIN LIBRARY OPEN ACCESS
-- 0.00
-- 741079
-- CBU-MAIN LIBRARY (Kitwe)
-- 1
-- 0.00
-- TJ 211 HOL
-- 1
-- AVAILABLE
-- Mar 18, 2010
-- 741079
-- Main Library Open Access Collection
995 ## -
-- MAIN LIBRARY OPEN ACCESS
-- 0.00
-- 741080
-- CBU-MAIN LIBRARY (Kitwe)
-- 1
-- 0.00
-- TJ 211 HOL
-- 2
-- AVAILABLE
-- Mar 18, 2010
-- 741080
-- Main Library Open Access Collection
999 ## -
-- 63463
-- 63463
Holdings
Withdrawn status Lost status Source of classification or shelving scheme Damaged status Not for loan Permanent Location Current Location Shelving location Date acquired Total Checkouts Full call number Barcode Date last seen Price effective from Koha item type
          CBU-MAIN LIBRARY, KITWE. CBU-MAIN LIBRARY, KITWE.   12/24/2022   TJ 211 Hol 741079 12/24/2022 12/24/2022 MONOGRAPH
          CBU-MAIN LIBRARY, KITWE. CBU-MAIN LIBRARY, KITWE.   12/24/2022   TJ 211 Hol 741080 12/24/2022 12/24/2022 MONOGRAPH